[Event "2. Bundesliga West 2015/16"]
[Site "-"]
[Date "2015.10.16"]
[Round "1"]
[Board "1"]
[White "Votava, Jan"]
[Black "Berchtenbreiter, Maximilian"]
[Result "1/2-1/2"]
[WhiteElo "2524"]
[BlackElo "2384"]
[PlyCount "80"]
[EventDate "2015.10.16"]
[EventType "team"]
[EventRounds "11"]
[EventCountry "AUT"]
[WhiteTeam "Zillertal"]
[BlackTeam "SPG Voels/HAK/HAS Innsbruck"]

1. d4 Nf6 2. c4 a6 3. g3 c5 4. Nf3 cxd4 5. Nxd4 e5 6. Nc2 d5 7. cxd5 Qxd5 8.
Qxd5 Nxd5 9. Bg2 Be6 10. O-O Nc6 11. Ne3 Rd8 12. Nxd5 Bxd5 13. Be3 Bxg2 14.
Kxg2 Ke7 15. Bb6 Rd7 16. Nc3 Ke6 17. Rad1 Rxd1 18. Rxd1 Bb4 19. Na4 Be7 20. a3
f5 21. e4 g6 22. Kf3 h5 23. Ke3 Rc8 24. b4 Nb8 25. Bc5 Rd8 26. Rd5 fxe4 27.
Rxd8 Bxd8 28. Kxe4 Nd7 29. Be3 g5 30. h3 Be7 31. f3 g4 32. fxg4 hxg4 33. hxg4
Nf6+ 34. Kd3 Nxg4 35. Nc3 b5 36. Bg1 Kf5 37. Ne4 Ke6 38. Nc3 Kf5 39. Bb6 Bf8
40. Bg1 Be7 1/2-1/2

[Event "2. Bundesliga West 2015/16"]
[Site "-"]
[Date "2015.10.16"]
[Round "1"]
[Board "2"]
[White "Nuber, Blasius"]
[Black "Hausner, Ivan"]
[Result "1/2-1/2"]
[WhiteElo "2349"]
[BlackElo "2332"]
[PlyCount "103"]
[EventDate "2015.10.16"]
[EventType "team"]
[EventRounds "11"]
[EventCountry "AUT"]
[WhiteTeam "SPG Voels/HAK/HAS Innsbruck"]
[BlackTeam "Zillertal"]

1. e4 e6 2. d4 d5 3. Nd2 Be7 4. Bd3 c5 5. c3 cxd4 6. cxd4 Nc6 7. Ngf3 dxe4 8.
Nxe4 Nf6 9. O-O O-O 10. Re1 Nxd4 11. Bg5 Nc6 12. Qe2 Nd5 13. Rad1 Qc7 14. Bb1
h6 15. Bc1 Bd7 16. Qc2 f5 17. Ng3 Rae8 18. a3 Bc8 19. Ba2 Ne5 20. Qe2 Nxf3+ 21.
Qxf3 Kh8 22. Bxd5 exd5 23. Bf4 Bd6 24. Rxe8 Rxe8 25. Bxd6 Qxd6 26. Nxf5 Qf6 27.
Ne3 Qxb2 28. Nxd5 Qe5 29. h3 Bf5 30. Ne3 Be4 31. Qf7 Qe7 32. Rd7 Qxf7 33. Rxf7
Rd8 34. Re7 Bc6 35. Nf5 Rd7 36. Rxd7 Bxd7 37. Nd4 Kg8 38. f4 Kf7 39. Kf2 Ke7
40. Ke3 Kd6 41. Ke4 b5 42. g4 a5 43. f5 b4 44. axb4 axb4 45. h4 Ba4 46. Kd3 Ke5
47. g5 h5 48. f6 gxf6 49. gxf6 Kxf6 50. Kc4 Ke5 51. Kxb4 Bd1 52. Kc3 1/2-1/2

[Event "2. Bundesliga West 2015/16"]
[Site "-"]
[Date "2015.10.16"]
[Round "1"]
[Board "3"]
[White "Tabernig, Bernhard"]
[Black "Wachinger, Guenther"]
[Result "1-0"]
[WhiteElo "2328"]
[BlackElo "2233"]
[PlyCount "81"]
[EventDate "2015.10.16"]
[EventType "team"]
[EventRounds "11"]
[EventCountry "AUT"]
[WhiteTeam "Zillertal"]
[BlackTeam "SPG Voels/HAK/HAS Innsbruck"]

1. d4 Nf6 2. c4 a6 3. Nf3 c5 4. d5 b5 5. Qc2 d6 6. e4 g6 7. cxb5 Bg7 8. Nc3 O-O
9. a4 e6 10. dxe6 fxe6 11. Bg5 Qa5 12. Bd2 axb5 13. Bxb5 Qb6 14. e5 dxe5 15.
Nxe5 Qc7 16. f4 Na6 17. O-O Nb4 18. Qb3 Kh8 19. Rac1 Nbd5 20. Qc4 Nb6 21. Qe2
Bb7 22. b3 Rac8 23. Be3 Qe7 24. Ba6 Bxa6 25. Qxa6 Nbd5 26. Bd2 Nd7 27. Nxd7
Qxd7 28. Qe2 Rfe8 29. Nb5 e5 30. fxe5 Rxe5 31. Qd3 Qe6 32. Rfe1 Nf6 33. Rxe5
Qxe5 34. Qd6 Qb2 35. Qd3 Ng4 36. h3 Ne5 37. Qc2 Qxc2 38. Rxc2 Nd3 39. Bc3 Ne5
40. Nd6 Rc7 41. Ne8 1-0

[Event "2. Bundesliga West 2015/16"]
[Site "-"]
[Date "2015.10.16"]
[Round "1"]
[Board "4"]
[White "Meier, Alexander"]
[Black "Kupfner, Franz"]
[Result "1/2-1/2"]
[WhiteElo "2186"]
[BlackElo "2200"]
[PlyCount "68"]
[EventDate "2015.10.16"]
[EventType "team"]
[EventRounds "11"]
[EventCountry "AUT"]
[WhiteTeam "SPG Voels/HAK/HAS Innsbruck"]
[BlackTeam "Zillertal"]

1. e4 c5 2. Nc3 e6 3. f4 g6 4. Nf3 Bg7 5. Nb5 d5 6. e5 Bf8 7. d4 cxd4 8. Nbxd4
a6 9. c3 Nc6 10. Be3 Bd7 11. Be2 Nge7 12. O-O Nxd4 13. Bxd4 Nc6 14. Be3 Be7 15.
Qd2 Rc8 16. b4 O-O 17. g4 f6 18. a3 f5 19. g5 Rf7 20. Rfd1 Bf8 21. Rac1 Qe8 22.
c4 dxc4 23. Bxc4 Nd8 24. Qa2 Kh8 25. Bb6 Rc6 26. Bxd8 Qxd8 27. Nd4 Qb6 28. Kg2
Rc8 29. Nxe6 Rxc4 30. Qxc4 Bxe6 31. Qd4 Qb5 32. Qd3 Qb6 33. Qd4 Qb5 34. Qd3 Qb6
 1/2-1/2

[Event "2. Bundesliga West 2015/16"]
[Site "-"]
[Date "2015.10.16"]
[Round "1"]
[Board "5"]
[White "Schiestl, Josef"]
[Black "Hajdarevic, Dino"]
[Result "1-0"]
[WhiteElo "2128"]
[BlackElo "2135"]
[PlyCount "59"]
[EventDate "2015.10.16"]
[EventType "team"]
[EventRounds "11"]
[EventCountry "AUT"]
[WhiteTeam "Zillertal"]
[BlackTeam "SPG Voels/HAK/HAS Innsbruck"]

1. e4 c5 2. Nf3 d6 3. d4 cxd4 4. Nxd4 Nf6 5. Nc3 a6 6. Be3 e5 7. Nb3 Be7 8. h3
Be6 9. f4 exf4 10. Bxf4 Nc6 11. Qe2 Ne5 12. O-O-O Qc7 13. g4 O-O 14. g5 Nfd7
15. Kb1 Rac8 16. Qg2 Nb6 17. h4 Nec4 18. Bc1 Rfe8 19. h5 Bf8 20. g6 fxg6 21.
hxg6 h6 22. Nd4 Qe7 23. Be2 Na3+ 24. Ka1 Bd7 25. Rh5 Rc5 26. bxa3 Rxc3 27. Bd3
Nc4 28. Qe2 Ne5 29. Bg5 hxg5 30. Rh8+ 1-0

[Event "2. Bundesliga West 2015/16"]
[Site "-"]
[Date "2015.10.16"]
[Round "1"]
[Board "6"]
[White "Georgiev, Georgi"]
[Black "Spindelberger, Paul"]
[Result "1-0"]
[WhiteElo "2107"]
[BlackElo "2057"]
[PlyCount "46"]
[EventDate "2015.10.16"]
[EventType "team"]
[EventRounds "11"]
[EventCountry "AUT"]
[WhiteTeam "SPG Voels/HAK/HAS Innsbruck"]
[BlackTeam "Zillertal"]

1. d4 Nf6 2. Nf3 b6 3. Bf4 Bb7 4. e3 e6 5. h3 Ne4 6. Nbd2 Be7 7. Bd3 f5 8. O-O
O-O 9. Qe2 a5 10. c3 h6 11. Rad1 d6 12. Bc4 Rf6 13. Nxe4 fxe4 14. Ne5 Qe8 15.
Ng4 Rg6 16. d5 h5 17. Nh2 Bg5 18. dxe6 Bxf4 19. exf4 e3 20. Nf3 exf2+ 21. Rxf2
Qe7 22. Ng5 Rh6 23. Nf7 Rh7 1-0

[Event "2. Bundesliga West 2015/16"]
[Site "-"]
[Date "2015.10.16"]
[Round "1"]
[Board "1"]
[White "Eybl, Alexander"]
[Black "Spornberger, Maximilian"]
[Result "1-0"]
[WhiteElo "2240"]
[BlackElo "2347"]
[PlyCount "111"]
[EventDate "2015.10.16"]
[EventType "team"]
[EventRounds "11"]
[EventCountry "AUT"]
[WhiteTeam "Pradl"]
[BlackTeam "Rochade Rum"]

1. d4 g6 2. Nf3 Bg7 3. g3 d6 4. Bg2 Nf6 5. O-O O-O 6. c4 Nbd7 7. d5 e5 8. dxe6
fxe6 9. Nc3 Qe7 10. Nd4 Kh8 11. b3 a6 12. e4 Rb8 13. a4 Rd8 14. Bg5 h6 15. Be3
c5 16. Nde2 b6 17. Rc1 Bb7 18. h3 Nf8 19. Qc2 Rd7 20. Rcd1 Rbd8 21. Rfe1 Qf7
22. a5 bxa5 23. e5 dxe5 24. Bxc5 Bxg2 25. Kxg2 Rxd1 26. Rxd1 Rxd1 27. Qxd1 Qb7+
28. Kg1 N8d7 29. Be3 Bf8 30. Qc2 Kh7 31. Na4 Qc6 32. Nec3 Bb4 33. c5 h5 34. h4
e4 35. Ne2 Ne5 36. Nd4 Nf3+ 37. Kf1 Nxd4 38. Bxd4 Nd7 39. Qc4 Kg8 40. Nb6 Nb8
41. Qc1 Qb5+ 42. Kg1 e5 43. Qg5 exd4 44. Qd8+ Kf7 45. Qc7+ Kf8 46. Qxb8+ Kg7
47. Qe5+ Kh7 48. Qe7+ Kh8 49. Qf8+ Kh7 50. Qf7+ Kh6 51. Qf8+ Kh7 52. Nd5 g5 53.
Qf7+ Kh6 54. hxg5+ Kxg5 55. Qf6+ Kg4 56. Qf4+ 1-0

[Event "2. Bundesliga West 2015/16"]
[Site "-"]
[Date "2015.10.16"]
[Round "1"]
[Board "2"]
[White "Gatterer, Florian"]
[Black "Doskocil, Klaus"]
[Result "1-0"]
[WhiteElo "2223"]
[BlackElo "2251"]
[PlyCount "87"]
[EventDate "2015.10.16"]
[EventType "team"]
[EventRounds "11"]
[EventCountry "AUT"]
[WhiteTeam "Rochade Rum"]
[BlackTeam "Pradl"]

1. c4 c5 2. Nf3 Nc6 3. Nc3 Nf6 4. g3 g6 5. Bg2 Bg7 6. d4 cxd4 7. Nxd4 O-O 8.
O-O a6 9. c5 e5 10. Nb3 h6 11. e4 Re8 12. Be3 d6 13. Qxd6 Qxd6 14. cxd6 Rd8 15.
Rfd1 Ne8 16. Nd5 Rxd6 17. Bc5 Rd8 18. Ne7+ Kh7 19. Nxc6 Rxd1+ 20. Rxd1 bxc6 21.
Rd8 Nc7 22. Bf1 Ne6 23. Re8 Ng5 24. Bg2 a5 25. h4 Ne6 26. Bh3 a4 27. Bxe6 fxe6
28. Nd2 Ra5 29. b4 axb3 30. Nxb3 Ra8 31. Bd6 Bf6 32. Nc5 Kg7 33. Nd7 Bb7 34.
Rxa8 Bxa8 35. Bxe5 Bxe5 36. Nxe5 h5 37. Nd7 Kf7 38. e5 Bb7 39. Nc5 Bc8 40. Kg2
Ke7 41. a4 Kd8 42. a5 Kc7 43. Kf3 Bd7 44. Kf4 1-0

[Event "2. Bundesliga West 2015/16"]
[Site "-"]
[Date "2015.10.16"]
[Round "1"]
[Board "3"]
[White "Sucher, Johannes"]
[Black "Spornberger, Andre"]
[Result "0-1"]
[WhiteElo "2169"]
[BlackElo "2108"]
[PlyCount "88"]
[EventDate "2015.10.16"]
[EventType "team"]
[EventRounds "11"]
[EventCountry "AUT"]
[WhiteTeam "Pradl"]
[BlackTeam "Rochade Rum"]

1. d4 e6 2. Nf3 f5 3. c4 Nf6 4. Nc3 d5 5. g3 c6 6. Bg2 Bd6 7. O-O O-O 8. Ne5
Nbd7 9. Bf4 Bxe5 10. dxe5 Nh5 11. cxd5 exd5 12. Nxd5 cxd5 13. Qxd5+ Kh8 14. Be3
Nb6 15. Qb3 Qe7 16. Qc3 Re8 17. Bf3 g6 18. Bc5 Na4 19. Bxe7 Nxc3 20. Bg5 Ne4
21. Be3 Ng7 22. Rac1 Bd7 23. Rfd1 Bc6 24. Bg2 Rxe5 25. Bd4 Ree8 26. h4 Kg8 27.
b4 Ne6 28. Be5 Kf7 29. f3 Nf6 30. Kf2 Rad8 31. Bf1 Rxd1 32. Rxd1 Rd8 33. Rc1
Rd2 34. a3 Ra2 35. Rc3 Bb5 36. g4 fxg4 37. Bxf6 g3+ 38. Kxg3 Kxf6 39. Re3 Nd4
40. Kf2 Bc6 41. Rd3 Nxf3 42. b5 Ne5 43. Rd6+ Ke7 44. Rd4 Bxb5 0-1

[Event "2. Bundesliga West 2015/16"]
[Site "-"]
[Date "2015.10.16"]
[Round "1"]
[Board "4"]
[White "Hengl, Christian"]
[Black "Matt, Stefan"]
[Result "1-0"]
[WhiteElo "2245"]
[BlackElo "2094"]
[PlyCount "97"]
[EventDate "2015.10.16"]
[EventType "team"]
[EventRounds "11"]
[EventCountry "AUT"]
[WhiteTeam "Rochade Rum"]
[BlackTeam "Pradl"]

1. e4 e6 2. d4 d5 3. e5 c5 4. c3 Nc6 5. Nf3 Qb6 6. a3 c4 7. g3 Bd7 8. Bg2 Na5
9. Nbd2 Ne7 10. O-O Qc7 11. Ng5 Nc8 12. Qh5 g6 13. Qf3 Ba4 14. Qf6 Rg8 15. Nxh7
Be7 16. Qf3 Nb6 17. Qe2 O-O-O 18. f4 Rg7 19. Nf6 Nd7 20. Ng4 Rh8 21. Ne3 Qb6
22. Nf3 Kb8 23. Rb1 Nb3 24. Bd2 Rgh7 25. Be1 Qd8 26. g4 Nf8 27. Bg3 Ka8 28. Rf2
Bd7 29. Rbf1 f6 30. exf6 Bxf6 31. Ng5 Rg7 32. h4 Be7 33. Qf3 Nh7 34. Re1 Nxg5
35. fxg5 Rf8 36. Qe2 Rgf7 37. Rxf7 Rxf7 38. Nf1 Qf8 39. Nd2 Nxd2 40. Qxd2 Bd6
41. Bxd6 Qxd6 42. Re5 Qf8 43. h5 Kb8 44. Re2 Kc7 45. Rf2 Kd8 46. h6 Ke7 47.
Rxf7+ Qxf7 48. Qe3 Bc6 49. Qe5 1-0

[Event "2. Bundesliga West 2015/16"]
[Site "-"]
[Date "2015.10.16"]
[Round "1"]
[Board "5"]
[White "Lins, Philipp"]
[Black "Hoellrigl, Wilfried"]
[Result "1/2-1/2"]
[WhiteElo "2044"]
[BlackElo "2153"]
[PlyCount "103"]
[EventDate "2015.10.16"]
[EventType "team"]
[EventRounds "11"]
[EventCountry "AUT"]
[WhiteTeam "Pradl"]
[BlackTeam "Rochade Rum"]

1. Nf3 c5 2. g3 g6 3. Bg2 Bg7 4. c4 Nc6 5. O-O d6 6. Nc3 Nf6 7. d4 cxd4 8. Nxd4
O-O 9. b3 Qa5 10. Bb2 Qh5 11. Nd5 Nxd5 12. cxd5 Ne5 13. e4 Bg4 14. f3 Bd7 15.
Rc1 Rac8 16. Qd2 Qh6 17. f4 Ng4 18. h3 Nf6 19. g4 Nxe4 20. Bxe4 Qxh3 21. g5
Qg3+ 22. Bg2 Bh3 23. Rxc8 Rxc8 24. Qf2 Qxf2+ 25. Kxf2 Bxg2 26. Kxg2 Rc5 27. Kf3
Rxd5 28. Ke4 Rc5 29. Rc1 f5+ 30. Kd3 Kf7 31. b4 Rxc1 32. Bxc1 a6 33. Nb3 Ke6
34. Na5 Kd5 35. Nxb7 e5 36. Na5 e4+ 37. Kc2 Bd4 38. a4 Bb6 39. Nb3 Kc4 40. a5
Bf2 41. Bd2 d5 42. Bc3 Be3 43. Nd4 Bxd4 44. Bxd4 Kxb4 45. Bb6 Kc4 46. Kd2 d4
47. Bd8 d3 48. Bb6 Kb4 49. Bc7 Kc4 50. Bb6 Kb3 51. Bd4 Kc4 52. Bb6 1/2-1/2

[Event "2. Bundesliga West 2015/16"]
[Site "-"]
[Date "2015.10.16"]
[Round "1"]
[Board "6"]
[White "Moroder, Stefan"]
[Black "Nussbaumer, Leon"]
[Result "1-0"]
[WhiteElo "2159"]
[BlackElo "1890"]
[PlyCount "137"]
[EventDate "2015.10.16"]
[EventType "team"]
[EventRounds "11"]
[EventCountry "AUT"]
[WhiteTeam "Rochade Rum"]
[BlackTeam "Pradl"]

1. e4 c5 2. Nf3 e6 3. b3 Nc6 4. Bb2 d6 5. Bb5 Bd7 6. O-O Nf6 7. Re1 Be7 8. d4
cxd4 9. Nxd4 O-O 10. Nxc6 Bxc6 11. Bd3 Qc7 12. Re3 e5 13. c4 Nd7 14. Nc3 Bg5
15. Rg3 Bf4 16. Rh3 Nf6 17. Bc2 Rad8 18. Qe2 Qe7 19. Rd1 Rd7 20. Rhd3 Rfd8 21.
a4 a5 22. Ba3 Qe6 23. g3 Bg5 24. f3 h5 25. Kg2 Nh7 26. h4 Be7 27. Rh1 Nf8 28.
Bb1 Ng6 29. Rdd1 b6 30. Qe3 Rb7 31. Kf2 Qf6 32. Bd3 Nf8 33. Bc2 Ne6 34. Rd2 Bf8
35. Kg2 Kh7 36. Nd5 Qg6 37. Nxb6 Nd4 38. Nd5 Bxd5 39. cxd5 Rdb8 40. Rxd4 exd4
41. Qxd4 Rc7 42. Qd2 Qh6 43. f4 Kg8 44. Bd1 Ra7 45. Bb2 Re8 46. Bf3 Be7 47. Bc3
Bd8 48. Rb1 Bb6 49. Re1 Qg6 50. f5 Qh7 51. Qg5 Bd8 52. f6 g6 53. Qf4 Rb7 54.
Bd1 Ra7 55. Be2 Rc7 56. Bc4 Rb7 57. Bb5 Rf8 58. Qxd6 Qh6 59. Qf4 Qxf4 60. gxf4
Rc7 61. Re3 Rc8 62. e5 Bb6 63. Rd3 Rfd8 64. Bc4 Kf8 65. Kf3 Ra8 66. Be1 Bc5 67.
Ke4 Bb6 68. f5 gxf5+ 69. Kxf5 1-0

[Event "2. Bundesliga West 2015/16"]
[Site "-"]
[Date "2015.10.16"]
[Round "1"]
[Board "1"]
[White "Drabke, Lorenz"]
[Black "Kessler, Luca"]
[Result "1/2-1/2"]
[WhiteElo "2462"]
[BlackElo "2324"]
[PlyCount "89"]
[EventDate "2015.10.16"]
[EventType "team"]
[EventRounds "11"]
[EventCountry "AUT"]
[WhiteTeam "Dornbirn"]
[BlackTeam "Goetzis 2"]

1. e4 c5 2. Nc3 e6 3. g3 Nc6 4. Bg2 g6 5. d3 Bg7 6. Be3 Nd4 7. Nce2 Ne7 8. c3
Nxe2 9. Nxe2 b6 10. d4 cxd4 11. Bxd4 e5 12. Be3 Bb7 13. Qd6 Nf5 14. Qd2 Nxe3
15. Qxe3 O-O 16. O-O Qc7 17. Rfd1 b5 18. Qd3 Bc6 19. c4 bxc4 20. Qxc4 Qb7 21.
b3 Kh8 22. Nc3 f5 23. Nd5 a5 24. Ne7 Bxe4 25. Bxe4 fxe4 26. Nd5 a4 27. b4 a3
28. Qxe4 Rac8 29. Rac1 Qa7 30. Ne3 Rxc1 31. Rxc1 Qd4 32. Qxd4 exd4 33. Nd5 Re8
34. b5 d3 35. Kf1 Bd4 36. Rd1 Re2 37. Rxd3 Rxf2+ 38. Ke1 Rxa2 39. Rxd4 Rxh2 40.
Nb4 a2 41. Nxa2 Rxa2 42. Rxd7 Rb2 43. Rb7 h5 44. b6 Kg8 45. Kf1 1/2-1/2

[Event "2. Bundesliga West 2015/16"]
[Site "-"]
[Date "2015.10.16"]
[Round "1"]
[Board "2"]
[White "Quintero Ortega, Carlos"]
[Black "Novkovic, Milan"]
[Result "0-1"]
[WhiteElo "2190"]
[BlackElo "2380"]
[PlyCount "55"]
[EventDate "2015.10.16"]
[EventType "team"]
[EventRounds "11"]
[EventCountry "AUT"]
[WhiteTeam "Goetzis 2"]
[BlackTeam "Dornbirn"]

1. c4 e6 2. g3 d5 3. Bg2 c6 4. Nf3 Nf6 5. b3 a5 6. Bb2 a4 7. O-O Be7 8. d3 O-O
9. Nbd2 a3 10. Bc3 c5 11. e3 Nc6 12. d4 b6 13. Ne5 Bb7 14. Rb1 Qc7 15. Nxc6
Bxc6 16. b4 cxd4 17. Bxd4 dxc4 18. Bxc6 Qxc6 19. b5 Qd5 20. Qc2 Rfc8 21. Rfc1
c3 22. Bxc3 Rc5 23. e4 Qh5 24. Kg2 Rac8 25. Rb3 Qe2 26. h3 Rd8 27. Rxa3 Rxc3
28. Rxc3 0-1

[Event "2. Bundesliga West 2015/16"]
[Site "-"]
[Date "2015.10.16"]
[Round "1"]
[Board "3"]
[White "Schmidlechner, Alexander"]
[Black "Mittelberger, Peter"]
[Result "1-0"]
[WhiteElo "2217"]
[BlackElo "2203"]
[PlyCount "59"]
[EventDate "2015.10.16"]
[EventType "team"]
[EventRounds "11"]
[EventCountry "AUT"]
[WhiteTeam "Dornbirn"]
[BlackTeam "Goetzis 2"]

1. d4 g6 2. c4 Bg7 3. Nc3 d6 4. e4 Nc6 5. Be3 e5 6. d5 Nce7 7. Be2 f5 8. exf5
Nxf5 9. Bd2 Nf6 10. Nf3 O-O 11. O-O c5 12. dxc6 bxc6 13. Bg5 h6 14. Bxf6 Qxf6
15. Bd3 Be6 16. Qd2 Rad8 17. Rae1 g5 18. Qc1 g4 19. Nd2 d5 20. Be2 h5 21. Nb3
Bh6 22. Qc2 Ne7 23. Nc5 Bf5 24. Qb3 Rb8 25. Qa3 Qd6 26. cxd5 Nxd5 27. Bc4 Bd2
28. Rd1 Bxc3 29. Qxc3 Kh7 30. Qa3 1-0

[Event "2. Bundesliga West 2015/16"]
[Site "-"]
[Date "2015.10.16"]
[Round "1"]
[Board "4"]
[White "Scheffknecht, Philipp"]
[Black "Novkovic, Julia"]
[Result "1-0"]
[WhiteElo "2152"]
[BlackElo "2156"]
[PlyCount "181"]
[EventDate "2015.10.16"]
[EventType "team"]
[EventRounds "11"]
[EventCountry "AUT"]
[WhiteTeam "Goetzis 2"]
[BlackTeam "Dornbirn"]

1. Nf3 g6 2. c4 Bg7 3. d4 d6 4. Nc3 Nc6 5. d5 Ne5 6. Nxe5 Bxe5 7. Qc2 Bg7 8. e3
Nf6 9. b3 O-O 10. Bb2 e5 11. dxe6 Bxe6 12. Rd1 Re8 13. Be2 Bf5 14. Bd3 Bg4 15.
Be2 Bf5 16. Bd3 Bd7 17. O-O Ng4 18. h3 Nf6 19. Be2 Bf5 20. Bd3 Be6 21. Nb5 Qd7
22. Rfe1 Rad8 23. Nd4 Qc8 24. Be2 c6 25. Ba3 Bf8 26. Nf3 Bf5 27. Bd3 Bxd3 28.
Rxd3 Ne4 29. Nd2 Nc5 30. Bxc5 dxc5 31. Rxd8 Rxd8 32. Ne4 Qf5 33. f3 Bh6 34. Re2
b6 35. Kf2 Qe5 36. Rd2 Qe7 37. Rxd8+ Qxd8 38. Qd2 Qh4+ 39. Ng3 Bf8 40. Qd7 Qf6
41. Ne4 Qb2+ 42. Qd2 Qe5 43. Qc3 Qxc3 44. Nxc3 Bg7 45. Ne2 Kf8 46. f4 Ke7 47.
Kf3 Kd7 48. g4 Bf6 49. Ke4 Bb2 50. Ng1 f6 51. Nf3 Ke7 52. Kd3 Bc1 53. Ng1 Kf7
54. Ne2 Bb2 55. Kc2 Ba3 56. Nc1 Bb4 57. Nd3 Ba3 58. Kd1 Ke6 59. Ke2 a5 60. Kf3
h6 61. h4 Kf7 62. e4 Ke6 63. f5+ Kf7 64. fxg6+ Kxg6 65. Kf4 Kf7 66. Kf5 a4 67.
e5 axb3 68. axb3 fxe5 69. Nxe5+ Kg7 70. Nxc6 Bc1 71. Ne5 Bd2 72. g5 h5 73. Ng6
Be1 74. Nf4 Bxh4 75. Nxh5+ Kf7 76. g6+ Kg8 77. Ke6 Kf8 78. Kd7 Be1 79. Kc6 Ba5
80. Kb5 Ke7 81. Nf4 Kf6 82. Nd5+ Kxg6 83. Nxb6 Bb4 84. Nd7 Kf7 85. Nxc5 Bc3 86.
Kc6 Ke8 87. Na6 Kd8 88. b4 Kc8 89. b5 Be5 90. b6 Bc7 91. Nxc7 1-0

[Event "2. Bundesliga West 2015/16"]
[Site "-"]
[Date "2015.10.16"]
[Round "1"]
[Board "5"]
[White "Proyer, Enno"]
[Black "Kranz, Armin"]
[Result "1-0"]
[WhiteElo "1906"]
[BlackElo "2131"]
[PlyCount "133"]
[EventDate "2015.10.16"]
[EventType "team"]
[EventRounds "11"]
[EventCountry "AUT"]
[WhiteTeam "Dornbirn"]
[BlackTeam "Goetzis 2"]

1. d4 Nf6 2. c4 e6 3. Nc3 Bb4 4. g3 c5 5. Nf3 b6 6. Bg2 Bb7 7. O-O cxd4 8. Qxd4
Nc6 9. Qd3 O-O 10. a3 Be7 11. Rd1 Na5 12. Rb1 Rc8 13. b3 a6 14. e4 d6 15. Nd4
Qc7 16. Bd2 Rfd8 17. Qe2 Nc6 18. Nc2 Re8 19. Ne3 Nd7 20. Be1 Qb8 21. Na2 Nf6
22. Bc3 Ne5 23. Nf1 b5 24. cxb5 axb5 25. a4 Qa8 26. f3 bxa4 27. bxa4 Ba6 28.
Qf2 Nd3 29. Qe3 Nc5 30. a5 d5 31. e5 Nfd7 32. Bb4 Bc4 33. Nc3 Rb8 34. Kh1 Rxb4
35. Rxb4 Nd3 36. Rxc4 dxc4 37. Ne4 N7xe5 38. f4 Nc6 39. Qb6 Rc8 40. Ra1 f5 41.
Ng5 Bc5 42. Qb5 Nf2+ 43. Kg1 Ne4+ 44. Kh1 Nd4 45. Qxc4 Qd5 46. Ne3 Qxc4 47.
Nxc4 Nf2+ 48. Kg1 Nd3 49. Kf1 Ba7 50. Nb6 Rc2 51. Rd1 Rc3 52. Nf3 Nc6 53. Ne1
Nxa5 54. Na4 Ra3 55. Rxd3 Rxd3 56. Nxd3 Nc4 57. Nac5 Kf7 58. Ke2 h6 59. Bc6 Kf6
60. Bb5 Nd6 61. Ba4 g5 62. Bb3 Nb5 63. Nxe6 g4 64. Ne5 Nc3+ 65. Kd3 Ne4 66. Bd5
Nc5+ 67. Nxc5 1-0

[Event "2. Bundesliga West 2015/16"]
[Site "-"]
[Date "2015.10.16"]
[Round "1"]
[Board "6"]
[White "Natter, Markus"]
[Black "Ausserer, Felix"]
[Result "0-1"]
[WhiteElo "2005"]
[BlackElo "1901"]
[PlyCount "88"]
[EventDate "2015.10.16"]
[EventType "team"]
[EventRounds "11"]
[EventCountry "AUT"]
[WhiteTeam "Goetzis 2"]
[BlackTeam "Dornbirn"]

1. e4 c5 2. Nf3 d6 3. Bb5+ Bd7 4. Bxd7+ Nxd7 5. b3 Ngf6 6. Qe2 g6 7. Bb2 Bg7 8.
O-O O-O 9. c4 Ng4 10. d4 cxd4 11. Nxd4 Nge5 12. Nc3 Rc8 13. Rfd1 Nc6 14. Nc2
Qa5 15. Qd2 Nc5 16. Ne3 e6 17. f3 Nd4 18. Qe1 f5 19. exf5 gxf5 20. Rac1 f4 21.
Nc2 Nf5 22. b4 Qb6 23. Kh1 Rf6 24. Rb1 Ng3+ 25. hxg3 Rh6+ 26. Kg1 Nd3+ 27. c5
Rxc5 28. Na4 Rxc2+ 29. Nxb6 Nxe1 30. Rxe1 Bxb2 31. Rxb2 Rxb2 32. Nc8 fxg3 33.
Nxd6 Rxb4 34. Ne4 Rg6 35. Rc1 h5 36. Kf1 h4 37. Rc8+ Kf7 38. Rc7+ Ke8 39. Rh7
Rb1+ 40. Ke2 Rb2+ 41. Kd3 Rxg2 42. Nd6+ Kf8 43. Rxh4 Rh2 44. Rf4+ Kg8 0-1

[Event "2. Bundesliga West 2015/16"]
[Site "-"]
[Date "2015.10.16"]
[Round "1"]
[Board "1"]
[White "Graf, Felix"]
[Black "Froewis, Georg"]
[Result "1-0"]
[WhiteElo "2478"]
[BlackElo "2434"]
[PlyCount "59"]
[EventDate "2015.10.16"]
[EventType "team"]
[EventRounds "11"]
[EventCountry "AUT"]
[WhiteTeam "Bregenz"]
[BlackTeam "Hohenems II"]

1. d4 d5 2. c4 e6 3. Nc3 c6 4. e3 Nf6 5. Nf3 Nbd7 6. b3 Bd6 7. Be2 O-O 8. O-O
Re8 9. a4 Qe7 10. a5 a6 11. Bb2 dxc4 12. bxc4 e5 13. c5 Bc7 14. Re1 Ng4 15. Ne4
Ndf6 16. Nd6 exd4 17. Nxe8 Qxe8 18. Bxd4 Ne4 19. Rf1 Be6 20. Qb1 Bd5 21. Qxb7
Qd8 22. h3 Rb8 23. Qxa6 Nh6 24. Qd3 Nf5 25. a6 Nh4 26. a7 Ra8 27. Nxh4 Qxh4 28.
f4 Qg3 29. Rf3 Qg6 30. Qb1 1-0

[Event "2. Bundesliga West 2015/16"]
[Site "-"]
[Date "2015.10.16"]
[Round "1"]
[Board "2"]
[White "Baldauf, Marco"]
[Black "Jorczik, Julian"]
[Result "1-0"]
[WhiteElo "2420"]
[BlackElo "2385"]
[PlyCount "87"]
[EventDate "2015.10.16"]
[EventType "team"]
[EventRounds "11"]
[EventCountry "AUT"]
[WhiteTeam "Hohenems II"]
[BlackTeam "Bregenz"]

1. d4 Nf6 2. c4 g6 3. Nc3 Bg7 4. e4 d6 5. f3 O-O 6. Nge2 a6 7. Be3 Nbd7 8. Qd2
c5 9. dxc5 Nxc5 10. e5 Nfd7 11. exd6 exd6 12. Nf4 b5 13. Be2 bxc4 14. Bxc4 Ne5
15. Be2 a5 16. Rd1 Bf5 17. O-O Rb8 18. Qxd6 Ned3 19. Bxc5 Qxd6 20. Bxd6 Nxf4
21. Bxb8 Rxb8 22. Bc4 Rxb2 23. Rd8+ Bf8 24. Rf2 Rb4 25. Bf1 Kg7 26. Rfd2 Be7
27. Ra8 Bc5+ 28. Kh1 Bd4 29. Nd1 Bb6 30. g3 Ne6 31. Rb2 Rd4 32. Nf2 Rb4 33.
Rxb4 axb4 34. Nd3 Bxd3 35. Bxd3 Bd4 36. Bc4 Ng5 37. Kg2 Kf6 38. Rb8 Bc3 39.
Rb6+ Ne6 40. f4 h5 41. Kf3 Kf5 42. Bxe6+ fxe6 43. Rb5+ Kf6 44. Ke4 1-0

[Event "2. Bundesliga West 2015/16"]
[Site "-"]
[Date "2015.10.16"]
[Round "1"]
[Board "3"]
[White "Weindl, Alfred"]
[Black "Burschowsky, Matthias"]
[Result "1-0"]
[WhiteElo "2331"]
[BlackElo "2208"]
[PlyCount "79"]
[EventDate "2015.10.16"]
[EventType "team"]
[EventRounds "11"]
[EventCountry "AUT"]
[WhiteTeam "Bregenz"]
[BlackTeam "Hohenems II"]

1. Nf3 Nf6 2. g3 c5 3. Bg2 g6 4. O-O Bg7 5. d3 Nc6 6. e4 d6 7. Nc3 O-O 8. h3
Rb8 9. Be3 b5 10. Qd2 Re8 11. g4 b4 12. Ne2 Nd7 13. Rab1 Qa5 14. a3 bxa3 15.
Qxa5 Nxa5 16. bxa3 Ba6 17. Bd2 Nc6 18. Bc3 Nb6 19. Bxg7 Kxg7 20. Nc3 Nd4 21.
Rb2 Nxc2 22. Rxc2 Bxd3 23. Rd2 Bxf1 24. Bxf1 Red8 25. a4 Na8 26. Bb5 Nc7 27.
Rc2 e6 28. Bf1 Rb4 29. e5 d5 30. Nb5 Nxb5 31. axb5 Rc8 32. Kg2 h6 33. Kg3 f6
34. h4 g5 35. hxg5 hxg5 36. Be2 Kf7 37. Kh3 c4 38. Nd4 fxe5 39. Nc6 Kf6 40.
Nxb4 1-0